[Event "Titled Tue 20th May Late"]
[Site "chess.com INT"]
[Date "2025.05.20"]
[Round "1"]
[White "Garcia Correa, Jose Ricardo"]
[Black "Bouska, Jiri"]
[Result "0-1"]
[WhiteTitle "FM"]
[BlackTitle "FM"]
[WhiteElo "2103"]
[BlackElo "2318"]
[WhiteFideId "5101832"]
[BlackFideId "23722223"]
[EventDate "2025.05.20"]

1. e4 c5 2. Nf3 d6 3. d4 cxd4 4. Nxd4 Nf6 5. Nc3 Nc6 6. Bc4 Bd7 7. Be3 Ng4 8.
Nxc6 bxc6 9. Bc1 g6 10. h3 Nf6 11. Qe2 Bg7 12. Bf4 O-O 13. O-O Rb8 14. Bb3 Qa5
15. Rad1 Be6 16. Rfe1 Nd7 17. Bd2 Bxb3 18. axb3 Qb6 19. Be3 Qa5 20. Ra1 Qd8 21.
Rxa7 c5 22. Qd2 Ne5 23. Bh6 Nc6 24. Bxg7 Kxg7 25. Ra4 Nd4 26. Ne2 Ne6 27. Rea1
Qc8 28. f4 Qc6 29. f5 Nc7 30. Nf4 Rb4 31. Rxb4 cxb4 32. Qxb4 Qxc2 33. Qc3+ Qxc3
34. bxc3 Nb5 35. c4 Nd4 36. Ra7 Re8 37. fxg6 hxg6 38. Rb7 g5 39. Nd5 e6 40. Nc7
Rc8 41. Na6 Kf6 42. Kf2 Ra8 43. Rb6 Ke5 44. Ke3 f5 45. exf5 exf5 46. Nb4 f4+ 47.
Kd3 Ra3 48. Kc3 Rxb3+ 49. Kd2 Rg3 50. Nc6+ Nxc6 51. Rxc6 Rxg2+ 52. Kd3 Rg3+ 53.
Ke2 Rxh3 54. c5 Rc3 55. Rxd6 Rxc5 56. Rd8 Kf5 57. Rd2 Kg4 58. Kf2 Re5 59. Rd1
Re8 60. Rg1+ Kf5 61. Ra1 Rb8 62. Ra5+ Kg4 63. Ra2 Rb3 64. Rc2 Rf3+ 65. Kg2 Rg3+
66. Kh2 Rh3+ 67. Kg2 f3+ 68. Kg1 Kg3 69. Rg2+ Kf4 70. Rf2 Rg3+ 71. Kf1 Rh3 0-1

[Event "Titled Tue 20th May Late"]
[Site "chess.com INT"]
[Date "2025.05.20"]
[Round "1"]
[White "Baskakov, Egor"]
[Black "Mammadov, Sadig"]
[Result "1/2-1/2"]
[WhiteTitle "CM"]
[BlackTitle "IM"]
[WhiteElo "2215"]
[BlackElo "2395"]
[WhiteFideId "24197866"]
[BlackFideId "13408712"]
[EventDate "2025.05.20"]

1. e4 e6 2. g3 d5 3. Bg2 Nf6 4. Nc3 Be7 5. d4 c5 6. exd5 exd5 7. Nge2 O-O 8. O-O
Bg4 9. h3 Bf5 10. g4 Bg6 11. Nf4 Nc6 12. dxc5 d4 13. Ncd5 Bxc5 14. Nxf6+ Qxf6
15. Nd5 Qd8 16. Bf4 Ne7 17. Bg5 f6 18. Nxe7+ Qxe7 19. Bf4 Rfe8 20. Qd2 Bb6 21.
Rfe1 Qd7 22. Qb4 Kh8 23. Qb3 Rac8 24. Rxe8+ Qxe8 25. a4 Rxc2 26. a5 Qe2 27. Bg3
Bc7 28. Bf1 Qe4 29. Bg2 Qe2 30. Bf1 Qe4 31. Rd1 Bxg3 32. Qxg3 Qe5 33. Rxd4 h6
34. Qxe5 fxe5 35. Rb4 b6 36. axb6 axb6 37. Rxb6 Rc1 38. Kg2 Be4+ 39. f3 Bxf3+
40. Kf2 e4 41. b3 Rc2+ 42. Ke3 Rc3+ 43. Kd4 Rc1 44. Bc4 Bg2 45. Be6 Rd1+ 46. Ke3
Rd3+ 47. Kf2 Rd2+ 48. Ke3 Rd3+ 49. Kf4 Rf3+ 50. Ke5 Kh7 51. Bf5+ Kg8 52. Rb8+
Kf7 53. Rb7+ Kg8 54. Bxe4 Re3 55. Rb8+ Kf7 56. Rb7+ Kg8 57. Rb8+ Kf7 58. Rb4
Bxe4 59. Rxe4 Rxb3 60. h4 Rb5+ 61. Kf4 Rb3 62. h5 Rb6 63. Re5 Rf6+ 64. Ke4 Re6
65. Kf5 Rf6+ 66. Ke4 Re6 67. Kf5 Rf6+ 68. Ke4 1/2-1/2

[Event "Titled Tue 20th May Late"]
[Site "chess.com INT"]
[Date "2025.05.20"]
[Round "1"]
[White "Fernandez, Michael"]
[Black "Petriashvili, Nikoloz"]
[Result "0-1"]
[WhiteTitle "FM"]
[BlackTitle "IM"]
[WhiteElo "2226"]
[BlackElo "2468"]
[WhiteFideId "5803560"]
[BlackFideId "13611216"]
[EventDate "2025.05.20"]

1. e4 Na6 2. d4 c6 3. Bc4 d5 4. Bxa6 Qa5+ 5. Nc3 bxa6 6. exd5 cxd5 7. Ne2 Nf6 8.
O-O Bg4 9. f3 Bh5 10. Nf4 e6 11. Qe2 Be7 12. Be3 O-O 13. Nd1 Rfc8 14. c3 Bg6 15.
Nf2 Rab8 16. N2d3 Qb5 17. Nxg6 hxg6 18. Qd2 a5 19. Bf4 Rb7 20. Be5 a4 21. Bxf6
gxf6 22. a3 Kg7 23. Rad1 f5 24. Rfe1 Bd6 25. h3 Rh8 26. Qg5 a5 27. Re2 Qd7 28.
Rde1 Qe7 29. Qe3 Qh4 30. Nc5 Bxc5 31. dxc5 Rc8 32. Rd1 Rbc7 33. Rd4 Qf6 34. Rxa4
Rxc5 35. Qd4 Qxd4+ 36. Rxd4 Rc4 37. Red2 a4 38. Kf2 Kf6 39. f4 Ke7 40. g3 f6 41.
Ke3 Kd6 42. h4 Rxd4 43. Rxd4 Rb8 44. Rxa4 Rxb2 45. Ra6+ Kd7 46. Ra7+ Ke8 47. Ra6
Ke7 48. Ra7+ Kd6 49. Ra6+ Kd7 50. Ra7+ Kc6 51. Ra6+ Rb6 52. Ra8 Rb3 53. Kd3 Rb1
54. Rg8 Kd6 55. Rxg6 Ke7 56. h5 Kf7 57. g4 fxg4 58. Rxg4 Rh1 59. c4 Rh3+ 60. Kd4
dxc4 61. Kxc4 Rxh5 62. Rg1 Ra5 63. Kb4 Rf5 64. Rg4 Ke7 65. a4 Kd6 66. a5 Kc6 67.
Rh4 Kb7 68. Rg4 Ka6 69. Kc4 Kxa5 70. Kd4 Rd5+ 71. Ke4 f5+ 0-1

[Event "Titled Tue 20th May Late"]
[Site "chess.com INT"]
[Date "2025.05.20"]
[Round "1"]
[White "Asish Panda"]
[Black "Leinov, Roman"]
[Result "1-0"]
[BlackTitle "CM"]
[WhiteElo "1911"]
[BlackElo "2120"]
[WhiteFideId "45012458"]
[BlackFideId "13504649"]
[EventDate "2025.05.20"]

1. e4 c5 2. Nf3 g6 3. c3 Bg7 4. d4 cxd4 5. cxd4 d5 6. exd5 Nf6 7. Nc3 Nxd5 8.
Bc4 Nxc3 9. bxc3 O-O 10. O-O Qc7 11. Qe2 Nc6 12. Bd2 Bg4 13. Bd3 Rac8 14. h3
Bxf3 15. Qxf3 Na5 16. Rfe1 e6 17. Bf4 Qxc3 18. Rad1 b6 19. h4 Rfd8 20. h5 Nc6
21. hxg6 hxg6 22. Bg5 Nxd4 23. Qf4 Re8 24. Re3 Qc7 25. Qh4 e5 26. Rh3 Qc6 27.
Be4 Qe6 28. Bh6 Bxh6 29. Qxh6 Qf6 30. Qh7+ Kf8 31. Qh6+ Qg7 32. Qg5 f5 33. Bd5
Red8 34. Bb3 Ne2+ 35. Kh2 Rxd1 36. Bxd1 Nf4 37. Rh6 Rc6 38. g3 Ne6 39. Qd2 Nd4
40. Qg5 Rc1 41. Qd8+ Kf7 42. Qd7+ Kf6 43. Qd6+ Ne6 44. Rh3 Qc7 45. Qd2 Qc3 46.
Qd6 Qc6 47. Qd2 Qc3 48. Qd7 Qc5 49. Kg2 Qc6+ 50. Qxc6 Rxc6 51. Rh7 Rc1 52. Bb3
Nc5 53. Bg8 Rc2 54. Rxa7 Ne4 55. Rb7 Rxf2+ 56. Kg1 Rb2 57. Rf7+ Kg5 58. Re7 Nxg3
59. Rxe5 Kf4 60. Rd5 g5 61. Rd3 Ne4 62. Bd5 g4 63. Rd1 Ke5 64. Bb3 f4 65. Re1 1-0

[Event "Titled Tue 20th May Late"]
[Site "chess.com INT"]
[Date "2025.05.20"]
[Round "1"]
[White "Goncharov, Vladimir"]
[Black "Varriale, Luca"]
[Result "0-1"]
[WhiteElo "2077"]
[BlackElo "2172"]
[WhiteFideId "34162256"]
[BlackFideId "882461"]
[EventDate "2025.05.20"]

1. d4 Nf6 2. c4 b6 3. Nf3 Bb7 4. g3 c5 5. d5 b5 6. Bg2 bxc4 7. Nc3 d6 8. Qa4+
Nbd7 9. O-O g6 10. e4 Bg7 11. Qxc4 O-O 12. Qe2 Qb6 13. Rd1 Ng4 14. h3 Nge5 15.
Nxe5 Nxe5 16. Bg5 h6 17. Bf4 Ba6 18. Qc2 Nc4 19. Bf1 Rab8 20. b3 Na3 21. Qc1
Bxf1 22. Rxf1 Qb4 23. Bd2 Qd4 24. Rd1 Nb5 25. Be1 Nxc3 26. Bxc3 Qxc3 27. Qf4 a5
28. h4 a4 29. bxa4 Rb4 30. h5 g5 31. Qf5 Rxa4 32. Rac1 Qe5 33. Qxe5 Bxe5 34. Rc2
Rfa8 35. Rdd2 Rxe4 36. Kg2 Bd4 37. Rd3 Re5 38. Rb3 Rxd5 39. Rd2 Re5 40. Rb7 Kg7
41. Rc2 Ra3 42. Kh3 Rf5 43. Rxe7 Rxf2 44. Rxf2 Bxf2 45. Kg4 Rxg3+ 46. Kf5 Rf3+
47. Kg4 Rf4+ 48. Kh3 g4+ 49. Kg2 g3 50. Rd7 Rd4 51. Rc7 Ra4 52. Rd7 Ra6 53. Kf3
c4 54. a4 c3 55. Rc7 Bd4 56. Rc4 Be5 57. Ke4 Kf6 58. Kf3 Ke6 59. Kg2 Kd5 60. Rc8
Rc6 61. Rxc6 Kxc6 62. a5 Kb5 63. a6 Kxa6 64. Kf3 Ka7 65. Ke4 Kb7 66. Kf5 Kc8 67.
Kg4 c2 68. Kf3 c1=Q 69. Kg2 Qd2+ 70. Kh3 Qg5 71. Kg2 f6 72. Kf3 Kb8 73. Ke4 Ka8
74. Kf3 Qf4+ 75. Kg2 Qf2+ 76. Kh3 g2 77. Kg4 g1=Q+ 78. Kh3 Qgg3# 0-1

[Event "Titled Tue 20th May Late"]
[Site "chess.com INT"]
[Date "2025.05.20"]
[Round "1"]
[White "Nguyen Hong Nhung"]
[Black "Kosakowski, Jakub"]
[Result "0-1"]
[WhiteTitle "WFM"]
[BlackTitle "GM"]
[WhiteElo "2197"]
[BlackElo "2530"]
[WhiteFideId "12412201"]
[BlackFideId "1185080"]
[EventDate "2025.05.20"]

1. e4 c6 2. d4 d5 3. f3 Qb6 4. Nc3 dxe4 5. Bc4 Nf6 6. fxe4 e5 7. dxe5 Ng4 8. Qf3
Nxe5 9. Qe2 Bg4 10. Nf3 Nxc4 11. Qxc4 Nd7 12. Qb3 Bc5 13. Na4 Qb4+ 14. Qxb4
Bxb4+ 15. Bd2 Bxd2+ 16. Nxd2 O-O-O 17. O-O Ne5 18. Nf3 Bxf3 19. gxf3 Rd2 20. Rf2
Rhd8 21. Raf1 g5 22. Rxd2 Rxd2 23. Rf2 Rd1+ 24. Kg2 Ng6 25. h3 Nf4+ 26. Kh2 h5
27. Nc5 Kc7 28. Nd3 Nxd3 29. cxd3 Rxd3 30. h4 gxh4 31. Kh3 Kd6 32. Kxh4 Ke5 33.
Kg5 h4 34. Kg4 Rd6 35. f4+ Kxe4 36. Re2+ Kd3 37. Re7 f5+ 38. Kxh4 b5 39. Rf7 Kc2
40. Rxf5 Kxb2 41. a4 bxa4 42. Ra5 a3 43. f5 Rd5 44. Rxd5 cxd5 45. f6 a2 46. f7
a1=Q 47. f8=Q Qe1+ 48. Kg4 Qe4+ 49. Kg5 Qg2+ 50. Kh5 Qe2+ 51. Kg5 Qe3+ 52. Kh5
Qe5+ 53. Kg4 Kb3 54. Qf3+ Kb4 55. Qf8+ Kb3 56. Qf3+ Kc4 57. Qf1+ Kc5 58. Qc1+
Kd6 59. Qa3+ Ke6 60. Qxa7 Qe2+ 61. Kg5 Qg2+ 62. Kh5 Ke5 63. Qe7+ Kd4 64. Qf6+
Ke4 65. Qe6+ Kd3 66. Qa6+ Ke3 67. Qe6+ Qe4 68. Qh3+ Qf3+ 69. Kh4 Qxh3+ 70. Kxh3
Kf3 71. Kh2 Kf2 72. Kh3 d4 73. Kg4 d3 74. Kf4 d2 0-1

[Event "Titled Tue 20th May Late"]
[Site "chess.com INT"]
[Date "2025.05.20"]
[Round "1"]
[White "Kollars, Dmitrij"]
[Black "Ersoz, Teoman Guney"]
[Result "1/2-1/2"]
[WhiteTitle "GM"]
[BlackTitle "CM"]
[WhiteElo "2625"]
[BlackElo "2090"]
[WhiteFideId "12909572"]
[BlackFideId "44537050"]
[EventDate "2025.05.20"]

1. e4 c5 2. Nf3 g6 3. d4 cxd4 4. Nxd4 Nc6 5. c4 Nf6 6. Nc3 Nxd4 7. Qxd4 d6 8.
Be2 Bg7 9. Be3 O-O 10. Qd3 a5 11. O-O a4 12. Bd4 Be6 13. f4 Qa5 14. Rac1 Rfc8
15. Nb5 Bd7 16. Na3 e5 17. fxe5 dxe5 18. Be3 Bc6 19. Bf3 Rd8 20. Qc2 Nd7 21. c5
Nf8 22. Nc4 Qa7 23. Nb6 Rab8 24. Bg4 Qa6 25. Rf2 Qd3 26. Bg5 Qxc2 27. Rfxc2 Rd4
28. Rc4 Bxe4 29. Be3 Rxc4 30. Rxc4 f5 31. Rxe4 fxe4 32. Nxa4 Ra8 33. Nc3 Kf7 34.
a3 h5 35. Be2 Ne6 36. Nxe4 Bf8 37. Bc4 Be7 38. Kf2 Rd8 39. b4 Rd1 40. b5 Rb1 41.
c6 bxc6 42. bxc6 Rb6 43. Bd5 Rb2+ 44. Ke1 Bxa3 45. Ng5+ Ke7 46. Nxe6 Bd6 47. c7
Kd7 48. Bf2 Bxc7 49. Nf8+ Kc8 50. Be4 Rb4 51. Bxg6 Ba5 52. Bf5+ Kc7 53. Ng6 Rf4+
54. Ke2 Rxf5 55. Bg3 Bc3 56. Kd3 Bd4 57. Ke4 Rg5 58. Ne7 h4 59. Bxh4 Rxg2 60.
Bg3 Kd7 61. Nf5 Re2+ 62. Kd3 Rg2 63. Ke4 Ke6 64. Ng7+ Kf7 65. Nf5 Ra2 66. h4 Ra4
67. Kd5 Ra3 68. h5 Kg8 69. h6 Kh7 70. Ke6 Rxg3 71. Nxg3 Kxh6 72. Nf5+ Kg5 73.
Nd6 Kf4 74. Kd5 Bg1 75. Ne4 Bh2 76. Nf6 Kf5 77. Ne4 Bf4 78. Nd6+ Kf6 79. Nc4 Kf5
80. Nxe5 1/2-1/2

[Event "Titled Tue 20th May Late"]
[Site "chess.com INT"]
[Date "2025.05.20"]
[Round "1"]
[White "Zilberstein, Dmitry"]
[Black "Erece, Ece Alkim"]
[Result "1-0"]
[WhiteTitle "IM"]
[BlackTitle "WCM"]
[WhiteElo "2358"]
[BlackElo "1843"]
[WhiteFideId "2010739"]
[BlackFideId "6346006"]
[EventDate "2025.05.20"]

1. e4 c6 2. Nf3 d5 3. Nc3 dxe4 4. Nxe4 Nf6 5. Nxf6+ exf6 6. d4 Bd6 7. Bd3 O-O 8.
Be3 Nd7 9. c4 Re8 10. O-O Nf8 11. h3 Ng6 12. Qd2 Be6 13. b3 a5 14. Rfd1 Qd7 15.
Bf1 Qc7 16. d5 cxd5 17. cxd5 Bf5 18. Rac1 Qe7 19. Nd4 Bd7 20. Nb5 Bb4 21. Qd4
Rac8 22. d6 Qe5 23. Rxc8 Rxc8 24. a3 Bxb5 25. Qxe5 Nxe5 26. Bxb5 Bxa3 27. d7 Rd8
28. Bb6 Be7 29. Rc1 Rxd7 30. Rc8+ Bf8 31. Bc5 Rd1+ 32. Kh2 h5 33. Rxf8+ Kh7 34.
f4 Ng6 35. Rxf7 Nxf4 36. Be3 Nd5 37. Bf2 Rd2 38. Kg1 Nf4 39. Rxb7 Rd1+ 40. Kh2
Rb1 41. Bd7 Rb2 42. Bf5+ Kh6 43. Kg1 g6 44. Be3 gxf5 45. Bxf4+ Kg6 46. Rb5 Rb1+
47. Kh2 Ra1 48. h4 a4 49. bxa4 Rxa4 50. g3 Ra2+ 51. Kh3 Ra1 52. Rb6 Rh1+ 53. Kg2
Ra1 54. Be5 Ra2+ 55. Kf3 Ra3+ 56. Kf2 Ra2+ 57. Ke3 Ra3+ 58. Ke2 Ra2+ 59. Kd3 Ra4
60. Bxf6 Rg4 61. Be5+ Kf7 62. Bf4 Rg8 63. Rb7+ Ke6 64. Rh7 Rd8+ 65. Ke3 Ra8 66.
Rh6+ Kd5 67. Rxh5 Ra3+ 68. Kf2 Ke4 69. Rh7 Ra2+ 70. Ke1 Kf3 71. h5 Rh2 72. h6
Re2+ 73. Kd1 Rh2 74. Rg7 Rh3 75. h7 Rh2 76. Be5 Ke3 77. Rd7 Ke4 78. h8=Q Rxh8
79. Bxh8 1-0

[Event "Titled Tue 20th May Late"]
[Site "chess.com INT"]
[Date "2025.05.20"]
[Round "1"]
[White "Kolmagorov, Alexey"]
[Black "Praggnanandhaa, R"]
[Result "0-1"]
[WhiteTitle "CM"]
[BlackTitle "GM"]
[WhiteElo "2145"]
[BlackElo "2758"]
[WhiteFideId "34129402"]
[BlackFideId "25059530"]
[EventDate "2025.05.20"]

1. e4 d5 2. exd5 Qxd5 3. Nf3 Nf6 4. c4 Qd8 5. d4 Bg4 6. Be2 e6 7. O-O Nc6 8. Be3
Bd6 9. Nc3 O-O 10. a3 Re8 11. b4 Bf8 12. h3 Bh5 13. b5 Ne7 14. a4 Nf5 15. Bf4
Bb4 16. Rc1 Bxf3 17. Bxf3 Qxd4 18. Qxd4 Nxd4 19. Rfd1 Nxf3+ 20. gxf3 Bxc3 21.
Rxc3 Rec8 22. a5 c6 23. a6 b6 24. bxc6 Rxc6 25. Be5 Rac8 26. Bxf6 gxf6 27. Rcd3
R8c7 28. Rd8+ Kg7 29. R1d7 Rxc4 30. Kg2 f5 31. Rxc7 Rxc7 32. Rb8 Rc5 33. Rb7 Ra5
34. Rxa7 Kf6 35. Ra8 Kg5 36. a7 Kf4 37. Rb8 Rxa7 38. Rxb6 e5 39. Rh6 Kg5 40.
Rxh7 Kg6 41. Rh8 Ra3 42. Re8 f6 43. h4 Ra4 44. Kh3 Ra1 45. Kg3 Rh1 46. Rg8+ Kf7
47. Ra8 f4+ 48. Kg4 Rh2 49. Ra2 Kg6 50. Ra6 Rg2+ 51. Kh3 Rxf2 52. Kg4 Rg2+ 53.
Kh3 Rg3+ 54. Kh2 Rxf3 55. Kg2 Re3 56. Kf2 Kf5 57. Ra8 Rh3 58. Rh8 Kg4 59. h5
Rxh5 60. Rf8 Kf5 61. Rf7 e4 62. Rf8 e3+ 63. Ke2 Rh2+ 64. Kf1 f3 65. Ra8 Rh1# 0-1

[Event "Titled Tue 20th May Late"]
[Site "chess.com INT"]
[Date "2025.05.20"]
[Round "1"]
[White "Gkavardinas, Antonios"]
[Black "Lissillour, Baptiste"]
[Result "1-0"]
[WhiteTitle "FM"]
[WhiteElo "2313"]
[BlackElo "2318"]
[WhiteFideId "25883097"]
[BlackFideId "45179620"]
[EventDate "2025.05.20"]

1. e4 d6 2. d4 Nf6 3. Nc3 e5 4. Nf3 Nbd7 5. Bc4 Be7 6. O-O O-O 7. h3 c6 8. a4
Re8 9. a5 h6 10. Re1 Bf8 11. a6 b5 12. Bb3 Qc7 13. Be3 b4 14. Nb1 Nxe4 15. Bxh6
Nxf2 16. Kxf2 gxh6 17. dxe5 dxe5 18. Kg1 Nf6 19. Nbd2 e4 20. Nh2 e3 21. Nc4 Be6
22. Qf3 Bg7 23. Nxe3 Rad8 24. Nf5 Bxf5 25. Qxf5 Nd5 26. Ng4 Qf4 27. Qxf4 Nxf4
28. Rf1 Ne2+ 29. Kh2 Re7 30. Rae1 Rde8 31. Nf6+ Bxf6 32. Rxf6 Kg7 33. Rxc6 Nd4
34. Rxe7 Rxe7 35. Rc4 Nxb3 36. cxb3 Re6 37. Rxb4 Rxa6 38. Ra4 Rb6 39. Ra3 Rb4
40. Kg3 f6 41. Kf3 Kg6 42. Ke3 h5 43. Kd3 Rb7 44. Kc4 Re7 45. b4 Re2 46. Rxa7
Rxb2 47. Ra8 Kf5 48. Rg8 h4 49. Rg4 Ke5 50. Kc5 f5 51. Rg8 Rc2+ 52. Kb6 Rb2 53.
b5 Kd6 54. Ka6 Ra2+ 55. Kb7 Rb2 56. b6 Kc5 57. Rc8+ Kd6 58. Rc6+ Kd5 59. Kc7
Rxg2 60. Rf6 Rg7+ 61. Kc8 Ke5 62. Rh6 f4 63. Rxh4 Ke4 64. b7 Rxb7 65. Kxb7 Ke3
66. Rh8 f3 67. Rf8 f2 68. h4 Ke2 69. Rxf2+ 1-0

[Event "Titled Tue 20th May Late"]
[Site "chess.com INT"]
[Date "2025.05.20"]
[Round "1"]
[White "Skramstad, Oda Kofoed"]
[Black "Herrera Ortiz, Miguel"]
[Result "1/2-1/2"]
[WhiteTitle "WCM"]
[BlackTitle "IM"]
[WhiteElo "1898"]
[BlackElo "2174"]
[WhiteFideId "1564862"]
[BlackFideId "5100550"]
[EventDate "2025.05.20"]

1. e4 e6 2. d4 d5 3. Nc3 Bb4 4. exd5 exd5 5. Bd3 Ne7 6. Ne2 Bf5 7. O-O O-O 8. a3
Bxc3 9. Nxc3 Bxd3 10. Qxd3 c6 11. Bg5 h6 12. Bh4 Re8 13. Rfe1 Qd7 14. Na4 Na6
15. h3 Nf5 16. Bg3 Re6 17. Re5 Rxe5 18. Bxe5 Re8 19. Bh2 Qe6 20. Be5 f6 21. Bf4
Qe4 22. Qxe4 Rxe4 23. Bd2 Rxd4 24. Bb4 Nxb4 25. axb4 Rxb4 26. b3 a6 27. Nc5 Rb5
28. Nd3 d4 29. Kf1 Kf7 30. Ke2 a5 31. Kd2 b6 32. Re1 Rd5 33. Nf4 Rd6 34. Kd3 Ne7
35. h4 g6 36. g3 h5 37. Re4 c5 38. Re1 Nc6 39. Kc4 Ne5+ 40. Kb5 Ng4 41. Re2 Ne5
42. Re1 d3 43. cxd3 Nxd3 44. Rd1 Rd4 45. Rxd3 Rb4+ 46. Kc6 g5 47. hxg5 fxg5 48.
Nxh5 Kg6 49. g4 Rxg4 50. Ng3 Rb4 51. Rd6+ Kf7 52. Rd3 g4 53. Kd5 a4 54. bxa4
Rxa4 55. Kc6 Rb4 56. Rd7+ Ke6 57. Rb7 Rb2 58. Ne4 Ke5 59. Re7+ Kf4 60. Kd5 Kf3
61. Rf7+ Kg2 62. Rg7 Kf3 63. Rb7 Rb4 64. Rf7+ Kg2 65. Nc3 Rd4+ 66. Kc6 Rd3 67.
Ne4 Rf3 68. Re7 Rf4 69. Kxb6 Kf3 70. Ng5+ Kxf2 71. Kxc5 g3 72. Ne4+ Kf3 73. Nd2+
Kf2 74. Ne4+ Kf3 75. Nxg3 Kxg3 76. Rd7 Rg4 77. Rd5 Kh4 78. Kd6 Rg5 79. Rxg5 Kxg5 1/2-1/2

[Event "Titled Tue 20th May Late"]
[Site "chess.com INT"]
[Date "2025.05.20"]
[Round "1"]
[White "Aadit, Bhatia"]
[Black "Zieba, Hubert"]
[Result "1-0"]
[BlackTitle "CM"]
[WhiteElo "2122"]
[BlackElo "2233"]
[WhiteFideId "25088955"]
[BlackFideId "21844704"]
[EventDate "2025.05.20"]

1. Nf3 Nf6 2. c4 g6 3. Nc3 Bg7 4. e4 d6 5. d4 O-O 6. Be2 c5 7. d5 a6 8. a4 Bg4
9. O-O Nbd7 10. h3 Bxf3 11. Bxf3 Re8 12. Be2 e6 13. Bf4 e5 14. Be3 Rf8 15. Rb1
Ne8 16. b4 b6 17. a5 cxb4 18. Rxb4 bxa5 19. Rb2 f5 20. Qa4 f4 21. Bd2 Nc5 22.
Qc6 Rc8 23. Qb6 Qh4 24. Bg4 Rc7 25. Qxa5 f3 26. g3 Qe7 27. Rb8 h5 28. Bc8 Nf6
29. Be6+ Nxe6 30. Rxf8+ Nxf8 31. Qxa6 N8d7 32. Nb5 Rxc4 33. Nxd6 Rd4 34. Be3
Rxe4 35. Nxe4 Nxe4 36. d6 Qe6 37. Qa8+ Kh7 38. Qxe4 Qxh3 39. Qxf3 Nf6 40. Qg2
Qe6 41. Rd1 Nd7 42. Qc6 e4 43. Qc2 Qf5 44. Qd2 Ne5 45. Qd5 Qh3 46. Qxe4 Qg4 47.
Rd2 Nf3+ 48. Kf1 Nxd2+ 49. Bxd2 Qd1+ 50. Be1 Qxd6 51. Qf3 Qa6+ 52. Kg2 Qd6 53.
Ba5 Qc5 54. Bd8 Qd4 55. Bh4 Qe5 56. Qe3 Qd5+ 57. Qf3 Qa5 58. Qe3 Bh6 59. Qe7+
Kg8 60. Bf6 Qd5+ 61. Kh2 Qf7 62. Qd8+ Bf8 63. Bd4 Kh7 64. f4 Bg7 65. Bxg7 Qxg7
66. Qd5 Qb2+ 67. Qg2 Qc1 68. Qb7+ Kh6 69. Qf3 Qb2+ 70. Qg2 Qc3 71. Qh3 Qf3 72.
Qg2 Qg4 73. Qh3 Qe2+ 74. Qg2 Qe3 75. Qh3 Kg7 76. Qg2 h4 77. Qb2+ Kh6 78. Qh8# 1-0

[Event "Titled Tue 20th May Late"]
[Site "chess.com INT"]
[Date "2025.05.20"]
[Round "1"]
[White "Pavlov, Nikolay"]
[Black "Tamer Waguih, Farid"]
[Result "1-0"]
[WhiteTitle "FM"]
[BlackTitle "FM"]
[WhiteElo "2316"]
[BlackElo "2206"]
[WhiteFideId "24141470"]
[BlackFideId "10685723"]
[EventDate "2025.05.20"]

1. e4 c5 2. Nf3 Nc6 3. Bb5 a6 4. Bxc6 bxc6 5. O-O e6 6. b3 Ne7 7. Bb2 Ng6 8. d3
d6 9. Nbd2 e5 10. a3 Be7 11. b4 cxb4 12. axb4 O-O 13. Nc4 f5 14. exf5 Bxf5 15.
Nfd2 Bf6 16. Ne4 Be7 17. Na5 Qd7 18. Qd2 Nf4 19. f3 d5 20. Ng3 Bd6 21. Rae1 Rae8
22. Nxf5 Rxf5 23. Kh1 Rh5 24. d4 e4 25. fxe4 Qg4 26. e5 Bxb4 27. c3 Bxa5 28.
Rxf4 Qg3 29. h3 Bd8 30. Rf3 Qg6 31. Ref1 h6 32. Qf2 Kh7 33. Ba3 Bh4 34. Qe2 Rb8
35. Bb4 Qe4 36. Qxe4+ dxe4 37. Re3 a5 38. Bxa5 Rb2 39. Rxe4 Be7 40. Ref4 Ba3 41.
Rf7 Rg5 42. g4 h5 43. R7f2 Rb3 44. gxh5 Rxh5 45. Rg2 Rxh3+ 46. Rh2 Rxh2+ 47.
Kxh2 Bb2 48. Rf3 Ra3 49. Bb4 Ra2 50. Kg3 Kg6 51. Kf4 Kf7 52. Ke4+ Ke6 53. Rg3
Kf7 54. Kf5 Ra6 55. e6+ Kg8 56. Bc5 Ra8 57. e7 Kf7 58. Ke4 Bc1 59. Rf3+ Ke6 60.
Rg3 Kf7 61. Kd3 Re8 62. Rf3+ Ke6 63. Ke4 Kd7 64. Kf5 Bh6 65. Kg6 Rc8 66. Kf7 g5
67. Rf1 Re8 68. Ra1 Rh8 69. Ra7+ 1-0

[Event "Titled Tue 20th May Late"]
[Site "chess.com INT"]
[Date "2025.05.20"]
[Round "1"]
[White "Yilmaz, Baver"]
[Black "Martin Barcelo, Carles"]
[Result "1-0"]
[WhiteTitle "FM"]
[BlackTitle "FM"]
[WhiteElo "2233"]
[BlackElo "2290"]
[WhiteFideId "26363542"]
[BlackFideId "24561444"]
[EventDate "2025.05.20"]

1. e4 e6 2. d4 d5 3. Nd2 dxe4 4. Nxe4 Bd7 5. Nf3 Bc6 6. Bd3 Nd7 7. O-O Ngf6 8.
Re1 Nxe4 9. Bxe4 Bxe4 10. Rxe4 Nf6 11. Re1 c5 12. c4 Be7 13. dxc5 Bxc5 14. Qa4+
Qd7 15. Qxd7+ Nxd7 16. Be3 Bxe3 17. Rxe3 O-O-O 18. Rd1 Rhe8 19. Kf1 f6 20. Nd4
Nc5 21. b4 Na4 22. Rd2 e5 23. Nb3 Rxd2 24. Nxd2 Rd8 25. Ke2 Nb6 26. Rc3 Kc7 27.
f3 a6 28. Ne4 Na4 29. Rc2 Kc6 30. g4 Rd4 31. a3 Nb6 32. Nd2 g6 33. h3 f5 34. Nb3
Rd8 35. Na5+ Kc7 36. b5 Na4 37. bxa6 bxa6 38. c5 Rd5 39. Nb3 Kc6 40. Rc4 Nxc5
41. gxf5 gxf5 42. Nd2 a5 43. Rh4 Rd7 44. Nc4 Kb5 45. Nxe5 Re7 46. f4 Ka4 47. Rh5
Ne4 48. Kd3 Nd6 49. Rh6 Nf7 50. Nxf7 Rxf7 51. Ra6 Kxa3 52. Rxa5+ Kb4 53. Re5 Rf6
54. Kd4 Rh6 55. Re3 Rh5 56. Ke5 Kc5 57. Rc3+ Kb4 58. Rg3 Kc5 59. Rc3+ Kb4 60.
Rc7 Kb5 61. Rc2 Kb6 62. Kf6 Kb5 63. Rc3 Kb4 64. Rc7 Kb5 65. Ke5 Kb6 66. Rc1 Kb5
67. Ke6 Kb6 68. Rc2 Kb5 69. Rd2 Kb6 70. Rd5 Kc7 71. Rxf5 Rxh3 72. Rd5 Re3+ 73.
Kf7 Rf3 74. f5 h5 75. f6 h4 76. Ke7 h3 77. Rc5+ Kb6 78. Rc2 Kb5 79. f7 Re3+ 80.
Kf6 Rf3+ 81. Kg6 Kb4 82. Rh2 Kc4 83. Rxh3 Rxh3 84. f8=Q Rc3 85. Qc8+ Kb3 86.
Qb7+ Kc2 87. Qe4+ Kb3 88. Kf5 Rc4 89. Qd3+ Kb4 90. Ke5 Kc5 91. Qd6+ Kb5 92. Kd5
Rb4 93. Qe6 Ka4 94. Qc6+ Ka5 95. Qa8+ Kb5 96. Qa7 Rb3 97. Qb7+ Ka4 98. Qa6+ Kb4
99. Qb6+ Ka3 100. Qa5+ Kb2 101. Kc4 Ra3 102. Qd2+ Kb1 103. Kb4 Ra2 104. Qd1+ Kb2
105. Qb3+ Ka1 106. Kc3 Ra8 107. Qd1+ Ka2 108. Qc2+ Ka3 109. Qb3# 1-0

[Event "Titled Tue 20th May Late"]
[Site "chess.com INT"]
[Date "2025.05.20"]
[Round "2"]
[White "Khodabandeh, Milad"]
[Black "Fernandez, Michael"]
[Result "0-1"]
[WhiteTitle "CM"]
[BlackTitle "FM"]
[WhiteElo "1957"]
[BlackElo "2226"]
[WhiteFideId "12538620"]
[BlackFideId "5803560"]
[EventDate "2025.05.20"]

1. e4 c6 2. d4 d5 3. Nc3 dxe4 4. Nxe4 Bf5 5. Ng3 Bg6 6. Nf3 Nd7 7. h4 h6 8. h5
Bh7 9. Bd3 Bxd3 10. Qxd3 e6 11. Bd2 Ngf6 12. O-O-O Be7 13. Kb1 Qc7 14. Qe2 O-O
15. Ne5 c5 16. dxc5 Qxe5 0-1

[Event "Titled Tue 20th May Late"]
[Site "chess.com INT"]
[Date "2025.05.20"]
[Round "2"]
[White "Coe, William"]
[Black "Bukreev, Stanislav"]
[Result "0-1"]
[BlackTitle "FM"]
[WhiteElo "2078"]
[BlackElo "2328"]
[WhiteFideId "30913624"]
[BlackFideId "34252347"]
[EventDate "2025.05.20"]

1. e4 e6 2. d4 d5 3. Nd2 c5 4. exd5 Qxd5 5. Ngf3 cxd4 6. Bc4 Qd7 7. Nb3 Nc6 8.
Nbxd4 Nxd4 9. Qxd4 Qxd4 10. Nxd4 Bd7 11. O-O Nf6 12. Be3 Rc8 13. Bd3 Bc5 14. c3
Nd5 15. Rfe1 Nxe3 16. fxe3 Ke7 17. Rad1 Rhd8 18. Kf2 g6 19. g3 f5 20. Nf3 Kf6
21. Kg2 Ba4 22. b3 Bc6 23. e4 fxe4 24. Bxe4 Rxd1 0-1